Responses for Show #6813 - Wednesday, April 9, 2014

Sandie Baker game 1.

Contestants

[<< previous game]

Ed Hagar, a director of compensation from Mobile, Alabama

Sandie Baker, a translation coordinator from Eastpointe, Michigan

Derrick Shivar, an environmental compliance manager from Baltimore, Maryland (whose 1-day cash winnings total $22,800)

[next game >>]

Jeopardy! Round responses

THE MILLERS
SPORTS IDIOMS
STATE SCHOOLS
SITTING IN JUDGMENT
ENGLISH LITERATURE
ALBUM FILLER
    $200 11
chairs

Sandie
    $200 2
first base

Sandie
    $200 6
the University of Oklahoma

Ed
    $200 26
instructions

Derrick
    $200 21
proud

Ed
    $200 16
(Derrick: What is Make?)

Dismantle

DerrickEd
    $400 12
Bode Miller

Ed
    $400 3
the towel

Sandie
    $400 7
the University of Georgia

Derrick
    $400 27
the Miss America Pageant

Ed
    $400 22
Wimsey

Triple Stumper
    $400 17
52nd

Sandie
    $600 13
Jamaica

Derrick
    $600 1
deuce

Ed
    $600 8
the University of Oregon

Ed
    $600 28
difficulty

Derrick
    $600 23
Jude the Obscure

Ed
    $600 18
Hooligans

Sandie
    $800 14
Sienna Miller

Ed
    $800 4
the Four Horsemen

Sandie
    $800 9
the University of Rhode Island

Derrick
    $800 29
(Alex: Those would be [*] after World War II.)

the Nuremberg Trials

Triple Stumper
    $800 24
(Derrick: Who is Marlowe?)

(Ben) Jonson

DerrickEd
    $800 19
Fantasy

Sandie
    $1000 15
Daisy Miller

Ed
    $1000 5
Monday-morning quarterback

Ed
    $1,200 10
(Derrick: What is
the University of Arizona?)
(Alex: Oh, no. [*].)
(Derrick: Wrong one.)
(Alex: Yeah. One off.)

University of New Mexico

Derrick
    $1000 30
(Derrick: What is the Mississippi?)

the Pecos

DerrickSandie
    $1000 25
Kim

Sandie
    $1000 20
(Ed: What is Misery?)

Genius

SandieEd

Scores at the first commercial break (after clue 15):

Derrick Sandie Ed
$600 $1,600 $4,600

Scores at the end of the Jeopardy! Round:

Derrick Sandie Ed
-$600 $6,400 $5,800

Double Jeopardy! Round responses

HINDUISM
FUEL
SUPPORTING ACTOR OSCARS
FLOWERS
1901-1910
YOUR OWN 2 "Y"S
    $400 17
a mantra

Sandie
    $400 1
charcoal

Derrick
    $400 12
The Fighter

Sandie
    $400 22
the violet

Triple Stumper
    $400 6
(Sandie: Who is Byrd?)
(Alex: No.)
(Sandie: Oh... [Chuckles])

Robert Peary

Sandie
Triple Stumper
    $400 11
byways

Sandie
    $800 18
waning

Ed
    $800 2
(Sandie: What is hydrogen?)

oxygen

Sandie
Triple Stumper
    $800 13
[Alex pronounces "extraordinary" as "extra ordinary" as a hint.]

Ordinary People

Sandie
    $800 23
lily

Derrick
    $800 7
Sinn Féin

Derrick
    $800 25
a gypsy

Sandie
    $3,300 19
dharma

Ed
    $1200 3
fossil fuels

Ed
    $1200 14
(Gene) Hackman

Sandie
    $1200 24
McKinley

Ed
    $1,000 8
(Derrick: What is Great Britain?)

Russia

Derrick
    $1200 28
Mystery

Derrick
    $1600 20
Shiva

Derrick
    $1600 4
(Alex: You're all too young
to have used [*] lamps.)

kerosene

Triple Stumper
    $1600 15
(Alex: You spend a lot of time going to movies.)
(Sandie: Uh-huh. [Chuckles])

Little Miss Sunshine

Sandie
    $1600 26
the iris

Sandie
    $1600 9
Baden-Powell

Ed
    $1600 29
hyperactivity

Derrick
    $2000 21
the Bhagavad Gita

Sandie
    $2000 5
hydraulic fracturing (fracking)

Derrick
    $2000 16
(John) Houseman

Ed
    $2000 27
Egypt

Triple Stumper
    $2000 10
(Sandie: What is the International Workers of the World?)

the Industrial Workers of the World

Sandie
Triple Stumper
    $2000 30
lycanthropy

Triple Stumper

Scores at the end of the Double Jeopardy! Round:

Derrick Sandie Ed
$6,800 $12,400 $15,900

[wagering suggestions for these scores]

Final Jeopardy! Round responses

AROUND THE USA
(Alex: [To Sandie] [*], which is located in Bloomington, Minnesota. And that's where they have those routes.)
DerrickWhat is the Metrodome?
$6,500
SandieWhat is the Mall of America
$10,000
EdWhat is the Metrodome?
$8,901
the Mall of America

Final scores:

Derrick Sandie Ed
$300 $22,400 $6,999
3rd place: $1,000 New champion: $22,400 2nd place: $2,000

Game dynamics:

Coryat scores:

Derrick Sandie Ed
$9,000 $12,400 $13,800
12 R,
5 W
(including 2 DDs)
19 R,
3 W
18 R
(including 1 DD),
1 W

Combined Coryat: $35,200

[game clues] [game scores] [suggest correction]

Game tape date: 2013-12-18
The J! Archive is created by fans, for fans. Scraping, republication, monetization, and malicious use prohibited; this site may use cookies and collect identifying information. See terms. The Jeopardy! game show and all elements thereof, including but not limited to copyright and trademark thereto, are the property of Jeopardy Productions, Inc. and are protected under law. This website is not affiliated with, sponsored by, or operated by Jeopardy Productions, Inc. Join the discussion at JBoard.tv.